000 004610000a22001570004500
003 LK-CoMWRAF
008 230817t ||||| |||| 00| 0 eng d
040 _aLK-CoMWRAF
_dLK-CoMWRAF
_eLK-CoMWRAF
041 _aeng
082 _a156
_bLIN
100 _aLings, Martin
245 _aMuhammad
_bAwargalathu Waalwu (His life based on the earliest Sources)
260 _bH. Muhammad Shaheed Muhammad Razvi
_aSri Lanka (Beruwela)
_c1983
300 _ap.670
942 _cBK
999 _c2070
_d2070